00573nam a2200193Ia 4500003000400000005001700004008004100021020002200062040000700084041000800091082002300099100003400122245008000156260004800236300001700284365001300301650002500314650004000339OSt20230622161049.0210423s2002 xx 000 0 und d a978-1-4221-8733-3 cAL aeng a658.406 223bKOTH aKOTTER (John P);COHEN (S Dan) aHeart of change: real life stories of how people change their organizations aBostonbHarvard Business Review Pressc2002 axiii,188bHB b995cINR aExecutive Management aManagement & Auxiliary Services 650